Quy chuẩn kỹ thuật quốc gia kỹ thuật điện : Kiểm định - vận hành - sửa chữa trang thiết bị bảo vệ an toàn công trình lưới điện cao áp và thiết bị điện và điện tử - thi công các công trình điện
Nội dung của quyển sách được chia thành 3 phần lớn: Phần I: Quy chuẩn kỹ thuật quốc gia về kiểm định trang thiết bị hệ thống điện; vận hành, sửa chữa trang thiết bị hệ thống điện; thi công các công trình điện. Phần II: Quy phạm trang bị...
Đã lưu trong:
| Nhiều tác giả của công ty: | , |
|---|---|
| 格式: | 圖書 |
| 語言: | Undetermined |
| 出版: |
Hà Nội
Lao động
2010
|
| 主題: | |
| 標簽: |
添加標簽
沒有標簽, 成為第一個標記此記錄!
|
| Thư viện lưu trữ: | Trung tâm Học liệu Trường Đại học Cần Thơ |
|---|
| LEADER | 01665nam a2200229Ia 4500 | ||
|---|---|---|---|
| 001 | CTU_155973 | ||
| 008 | 210402s9999 xx 000 0 und d | ||
| 020 | |c 295000 | ||
| 082 | |a 621.3 | ||
| 082 | |b V308 | ||
| 110 | |a Việt Nam (Cộng hòa Xã hội Chủ nghĩa) | ||
| 110 | |b Bộ Công thương | ||
| 245 | 0 | |a Quy chuẩn kỹ thuật quốc gia kỹ thuật điện : | |
| 245 | 0 | |b Kiểm định - vận hành - sửa chữa trang thiết bị bảo vệ an toàn công trình lưới điện cao áp và thiết bị điện và điện tử - thi công các công trình điện | |
| 245 | 0 | |c Việt Nam (Cộng hòa Xã hội Chủ nghĩa). Bộ công thương | |
| 260 | |a Hà Nội | ||
| 260 | |b Lao động | ||
| 260 | |c 2010 | ||
| 520 | |a Nội dung của quyển sách được chia thành 3 phần lớn: Phần I: Quy chuẩn kỹ thuật quốc gia về kiểm định trang thiết bị hệ thống điện; vận hành, sửa chữa trang thiết bị hệ thống điện; thi công các công trình điện. Phần II: Quy phạm trang bị điện. Phần III: Quy chuẩn kỹ thuật quốc gia về an toàn đối với thiết bị điện và điện tử. Mỗi phần được chia thành các mục nhỏ và các chương nhỏ. Và cuối cùng là phần Các văn bản có liên quan. | ||
| 650 | |a Electric engineering,Kỹ thuật điện | ||
| 904 | |i Kim Thanh | ||
| 980 | |a Trung tâm Học liệu Trường Đại học Cần Thơ | ||